000 00976nam a2200265 a 4500
999 _c126708
_d126708
001 4832308
003 ARRUPE
005 20170821102741.0
008 891201s1988 rh b 000 0 eng
010 _a 89980942
020 _a0908308485
040 _aDLC
_cDLC
050 0 0 _aPR9390.9
_bC473 K17
082 0 0 _a896/.39751
_220
100 1 _aKahari, George P.
_9522
245 1 0 _aHerbert W. Chitepo's epic poem--Soko risina musoro (The tale without a head) :
_ba critique /
_cGeorge P. Kahari.
260 _aHarare :
_bLongman Zimbabwe,
_c1988.
300 _a66 p. ;
_c21 cm.
504 _aIncludes bibliographical references (p. 66)
600 1 0 _aChitepo, H. W.
_tSoko risina muroso.
_934931
700 1 2 _aChitepo, H. W.
_tSoko risina muroso.
_lEnglish & Shona.
_f1988.
_934932
906 _a7
_bcbc
_corignew
_d3
_encip
_f19
_gy-gencatlg
942 _2lcc
_cMONOGRAPH